Malcolm Saville's seaside book.

Saved in:
Bibliographic Details
Main Author: Saville, Malcolm
Format: Book
Language:English
Published: London : Cassell, 1962.
Subjects:
LEADER 01205cam a2200325 a 4500
001 c000403832
003 CARM
005 20190415142212.0
008 190415s1962 enka j 001 0 eng d
019 1 |a 69794271  |5 LACONCORD2021 
035 |a (OCoLC)156756078  |5 LACONCORD2021 
040 |a Nz  |b eng  |c NZWSL  |d AU@  |d OCLCO  |d OCLCQ  |d OCLCF 
082 0 4 |a 574.941  |2 18 
100 1 |a Saville, Malcolm. 
245 1 0 |a Malcolm Saville's seaside book. 
246 3 0 |a Seaside book 
260 |a London :  |b Cassell,  |c 1962. 
300 |a vii, 88 pages :  |b illustrations ;  |c 22 cm 
336 |a text  |b txt  |2 rdacontent 
337 |a unmediated  |b n  |2 rdamedia 
338 |a volume  |b nc  |2 rdacarrier 
500 |a Includes index. 
650 0 |a Seashore animals  |v Juvenile literature. 
650 0 |a Sea  |v Juvenile literature. 
852 8 |b CARM  |i B12712  |p 0489111  |f BK 
852 8 |b SCAN  |h A3:AH12B0  |i B12712  |p 0489111  |f BK 
852 8 |b SCAN  |h A3:AH12B0  |i B12712  |p 0489111  |f BK 
999 f f |i e0d261d9-c778-5ae2-aa94-30102932b263  |s d385cbce-ee7c-5583-b304-5c5a7504c8f9 
952 f f |p Can circulate  |a CAVAL  |b CAVAL  |c CAVAL  |d CARM 1 Store  |e B12712  |h Other scheme  |i book  |m 0489111 
952 f f |a CAVAL  |b CAVAL  |c CAVAL  |d Unmapped Location  |e B12712  |f A3:AH12B0  |h Other scheme